| 000 | 00673nam a22001697a 4500 | ||
|---|---|---|---|
| 999 |
_c9943 _d9943 |
||
| 008 | 180723b ||||| |||| 00| 0 eng d | ||
| 082 |
_22017 _aUT 0957 _bV71 |
||
| 100 |
_929359 _aVillalveto, Gennie Mie Fehl O. |
||
| 245 |
_aThe reading attitudes and vocabulary skills of first year education students in UMDC/ _cGennie Mie Fehl O. Villalveto, Ariel P. Vicente and Margie E. Olin. |
||
| 260 |
_aDigos City: _bUMDC _cNovember 2017. |
||
| 300 |
_a48 pages; _b30 cm. |
||
| 650 | 0 |
_929360 _aEducation. _vEnglish _xUndergraduate thesis |
|
| 700 |
_929361 _aVillalveto, Gennie Mie Fehl O. |
||
| 700 |
_929362 _aVicente, Ariel P. |
||
| 700 |
_929363 _aOlin, Margie E. |
||
| 942 |
_2ddc _cUT |
||